[Event "Cairo Al Ain op"]
[Site "Cairo"]
[Date "2023.11.28"]
[Round "3"]
[White "Awadalla, Karim"]
[Black "Sameeh, Hany"]
[Result "0-1"]
[WhiteElo "1483"]
[BlackElo "2026"]
[PlyCount "88"]
[EventDate "2023.11.27"]
[EventType "swiss"]
[EventRounds "10"]
[EventCountry "EGY"]
[SourceTitle "CBM 217 Extra"]
[Source "ChessBase"]
[SourceDate "2024.01.31"]
[SourceVersion "1"]
[SourceVersionDate "2024.01.31"]
[SourceQuality "1"]

1. e4 c5 2. Nf3 Nc6 3. d4 cxd4 4. Nxd4 Qb6 5. Nb3 Nf6 6. Nc3 e6 7. Be3 Qc7 8. a3 a6 9. Qd2 Be7 10. Bf4 d6 11. 0-0-0 Ne5 12. f3 0-0 13. Be2 b5 14. g4 Rb8 15. Kb1 Nc4 16. Bxc4 bxc4 17. Nc1 Qb7 18. b3 e5 19. Bg5 Be6 20. Bxf6 Bxf6 21. Nd5 Bd8 22. Qb4 cxb3 23. cxb3 Qxb4 24. axb4 g6 25. Ka2 f6 26. Rhg1 Rf7 27. Rg2 Rc8 28. Kb2 Rb7 29. Rc2 Rxc2+ 30. Kxc2 Kf7 31. Ne3 Be7 32. Kc3 Rc7+ 33. Kb2 Rc6 34. Ne2 Rb6 35. Kc3 a5 36. Nc4 axb4+ 37. Kd3 Ra6 38. Rd2 d5 39. exd5 Bxd5 40. f4 Ke6 41. fxe5 fxe5 42. Nc1 e4+ 43. Kd4 Rc6 44. Rc2 Bc5# 0-1